[Event "Chess24 Banter Blitz Cup"]
[Site "chess24.com INT"]
[Date "2019.10.05"]
[Round "1.7"]
[White "Amin, Bassem"]
[Black "Guichard, Pauline"]
[Result "1-0"]
[WhiteTitle "GM"]
[BlackTitle "IM"]
[WhiteElo "2699"]
[BlackElo "2407"]
[WhiteFideId "10601457"]
[BlackFideId "639370"]
[EventDate "2019.09.25"]
[EventType "blitz"]

1. e4 e5 2. Nf3 Nc6 3. Bb5 g6 4. O-O Bg7 5. c3 a6 6. Ba4 Nge7 7. d4 exd4 8. cxd4
b5 9. Bb3 O-O 10. Nc3 d6 11. h3 Na5 12. Bc2 c5 13. d5 Nc4 14. Re1 Bd7 15. Rb1
Nc8 16. Ne2 Re8 17. b3 Ne5 18. Nh2 f6 19. f4 Nf7 20. Nf3 Nb6 21. Bb2 a5 22. Ng3
a4 23. Qd2 axb3 24. axb3 Ra2 25. Qc3 Qa8 26. Ra1 b4 27. Qd3 Rxa1 28. Rxa1 Qb7
29. Qa6 Qc7 30. Qa7 Rc8 31. Qxc7 Rxc7 32. Nd2 Rc8 33. Bd3 Ra8 34. Rxa8+ Nxa8 35.
Nc4 Kf8 36. Nf1 Ke7 37. Nfd2 Nc7 38. Kf2 Bc8 39. Nb6 Bb7 40. Ndc4 Bh6 41. Na5 g5
42. Nxb7 gxf4 43. Be2 Ne5 44. Bxe5 fxe5 45. Bg4 Ne8 46. Nc8+ Kf8 47. Ncxd6 Nf6
48. Bf5 Ke7 49. Nc4 Bf8 50. d6+ Ke8 51. Nxe5 1-0

[Event "Chess24 Banter Blitz Cup"]
[Site "chess24.com INT"]
[Date "2019.10.05"]
[Round "1.8"]
[White "Guichard, Pauline"]
[Black "Amin, Bassem"]
[Result "0-1"]
[WhiteTitle "IM"]
[BlackTitle "GM"]
[WhiteElo "2407"]
[BlackElo "2699"]
[WhiteFideId "639370"]
[BlackFideId "10601457"]
[EventDate "2019.09.25"]
[EventType "blitz"]

1. d4 Nf6 2. Bf4 c5 3. d5 Qb6 4. Nc3 Qxb2 5. Bd2 Qb6 6. e4 d6 7. f4 Nbd7 8. Nf3
a6 9. Rb1 Qc7 10. a4 g6 11. Be2 Bg7 12. O-O O-O 13. Qe1 c4 14. Be3 Nc5 15. Nd2
Ng4 16. Nxc4 Nxe3 17. Nxe3 Bd7 18. Nc4 Nxa4 19. Nxa4 Bxa4 20. Qd2 b5 21. Ne3 Qc3
22. Rfd1 Qxd2 23. Rxd2 Rac8 24. Kf2 Rc3 25. Bd3 Rfc8 26. Nd1 R3c5 27. Rc1 a5 28.
Ke3 b4 29. Ba6 R8c7 30. Bd3 e6 31. dxe6 fxe6 32. Nf2 d5 33. e5 g5 34. Ng4 gxf4+
35. Kxf4 b3 36. Nf6+ Bxf6 37. exf6 Kf7 38. Ke5 bxc2 39. Rf2 Rc3 40. Bxh7 Re3+
41. Kd4 Rcc3 42. Bg6+ Kxg6 43. f7 e5+ 44. Kxd5 Bb3+ 45. Kd6 Bxf7 46. Re1 Rxe1
47. Rd2 c1=Q 0-1

[Event "Chess24 Banter Blitz Cup"]
[Site "chess24.com INT"]
[Date "2019.10.05"]
[Round "1.9"]
[White "Amin, Bassem"]
[Black "Guichard, Pauline"]
[Result "0-1"]
[WhiteTitle "GM"]
[BlackTitle "IM"]
[WhiteElo "2699"]
[BlackElo "2407"]
[WhiteFideId "10601457"]
[BlackFideId "639370"]
[EventDate "2019.09.25"]
[EventType "blitz"]

1. Nf3 Nf6 2. g3 g6 3. Bg2 Bg7 4. O-O O-O 5. d3 d5 6. Nbd2 c5 7. e4 Nc6 8. Re1
d4 9. e5 Nd5 10. a4 b6 11. Nc4 Bb7 12. h4 a6 13. e6 f6 14. Nh2 b5 15. axb5 axb5
16. Rxa8 Bxa8 17. Na3 Nc7 18. Bf4 Ne5 19. Bxe5 fxe5 20. Bxa8 Qxa8 21. Ng4 Qd5
22. Qe2 Qxe6 23. Nxe5 Bf6 24. Ng4 Qxe2 25. Rxe2 Kf7 26. f4 Rb8 27. Kg2 Nd5 28.
Kf3 h5 29. Nf2 Nc7 30. Ne4 Ne6 31. Re1 c4 32. dxc4 bxc4 33. Nxc4 Rd8 34. Rd1 Ra8
35. Rd3 Nc7 36. Ra3 Rb8 37. Ra7 Nd5 38. Nxf6 Kxf6 39. Ra6+ Kg7 40. b3 Nb4 41.
Re6 Nxc2 42. Rxe7+ Kf6 43. Rd7 Rxb3+ 44. Ke4 Rxg3 45. Rd6+ Kf7 46. Ke5 Re3+ 47.
Nxe3 dxe3 48. Re6 e2 49. Kd6 e1=Q 50. Rxe1 Nxe1 51. Ke5 Ng2 52. Ke4 Nxh4 53. Ke5
Nf5 54. Ke4 h4 55. Kf3 h3 56. Kf2 Nd4 57. Kg3 Kf6 58. Kxh3 Kf5 59. Kg3 Ne6 60.
Kf3 Nxf4 61. Kg3 g5 62. Kf3 g4+ 63. Kg3 Kg5 0-1

[Event "Chess24 Banter Blitz Cup"]
[Site "chess24.com INT"]
[Date "2019.10.05"]
[Round "1.10"]
[White "Guichard, Pauline"]
[Black "Amin, Bassem"]
[Result "0-1"]
[WhiteTitle "IM"]
[BlackTitle "GM"]
[WhiteElo "2407"]
[BlackElo "2699"]
[WhiteFideId "639370"]
[BlackFideId "10601457"]
[EventDate "2019.09.25"]
[EventType "blitz"]

1. d4 Nf6 2. Bf4 g6 3. Nc3 d5 4. e3 Bg7 5. h4 h6 6. Nf3 c6 7. Ne5 Nfd7 8. h5 g5
9. Bg3 Nxe5 10. Bxe5 f6 11. Bg3 e5 12. f4 O-O 13. fxe5 fxe5 14. Bxe5 Bxe5 15.
dxe5 Qe7 16. Qd2 Qxe5 17. O-O-O Bg4 18. Be2 Bxe2 19. Nxe2 Nd7 20. Rhf1 Nc5 21.
Kb1 Ne4 22. Rxf8+ Rxf8 23. Qb4 Rf7 24. a3 Nf2 25. Re1 Ne4 26. Qa5 b6 27. Qa6 Kg7
28. Qc8 c5 29. Qc6 Nf6 30. Nc3 d4 31. Nd1 Nxh5 32. e4 Nf4 33. Qc8 Nxg2 34. Rg1
Ne3 35. Nxe3 dxe3 36. Qh3 Qxe4 37. Rh1 Rf6 38. Qd7+ Kg6 39. Re1 e2 40. Qd2 Rf1
41. Ka2 Rxe1 42. Qxe1 Qxc2 43. Qg3 Qc4+ 44. Kb1 Qe4+ 0-1

[Event "Chess24 Banter Blitz Cup"]
[Site "chess24.com INT"]
[Date "2019.10.05"]
[Round "1.11"]
[White "Amin, Bassem"]
[Black "Guichard, Pauline"]
[Result "0-1"]
[WhiteTitle "GM"]
[BlackTitle "IM"]
[WhiteElo "2699"]
[BlackElo "2407"]
[WhiteFideId "10601457"]
[BlackFideId "639370"]
[EventDate "2019.09.25"]
[EventType "blitz"]

1. f4 Nf6 2. Nf3 g6 3. d3 d5 4. e3 Bg7 5. Be2 c5 6. O-O Nc6 7. Qe1 Qc7 8. Kh1 e5
9. e4 dxe4 10. dxe4 Nxe4 11. fxe5 O-O 12. Bd3 f5 13. exf6 Nxf6 14. Bc4+ Kh8 15.
Nc3 Bf5 16. Qh4 Ne5 17. Bf4 Nxf3 18. Rxf3 Qd7 19. Rd1 Qc6 20. Rd6 Qc8 21. Be5
Nh5 22. Bxg7+ Nxg7 23. h3 Rd8 24. Rd5 Re8 25. Rf1 Qc7 26. Rd2 Rad8 27. Nd5 Qf7
28. Nf6 Ne6 29. Bxe6 Bxe6 30. Rxd8 Rxd8 31. Kh2 Bf5 32. Nxh7 Qxh7 33. Qxd8+ Kg7
34. Qe7+ Kh6 35. Qxh7+ Kxh7 36. g4 Be4 37. Rf7+ Kh6 38. Rc7 Kg5 39. c3 Bd3 40.
Rxc5+ Kf4 41. Rc7 Be4 42. Rf7+ Kg5 43. Kg3 Bc6 44. Rf8 Bd5 45. h4+ Kh6 46. Rf6
Kg7 47. g5 Bc6 48. Kf4 Bd5 49. Ke5 Bc6 50. a3 Bb5 51. b3 Bc6 52. b4 Bd7 53. c4
Bc6 54. b5 Bf3 55. b6 Bg4 0-1

[Event "Chess24 Banter Blitz Cup"]
[Site "chess24.com INT"]
[Date "2019.10.05"]
[Round "1.12"]
[White "Guichard, Pauline"]
[Black "Amin, Bassem"]
[Result "0-1"]
[WhiteTitle "IM"]
[BlackTitle "GM"]
[WhiteElo "2407"]
[BlackElo "2699"]
[WhiteFideId "639370"]
[BlackFideId "10601457"]
[EventDate "2019.09.25"]
[EventType "blitz"]

1. d4 Nf6 2. Bf4 e6 3. e3 c5 4. Nf3 b6 5. Nc3 Bb7 6. Nb5 d6 7. dxc5 e5 8. Bg3
bxc5 9. c4 Ne4 10. Be2 Qa5+ 11. Nd2 a6 12. Nc3 Nxc3 13. bxc3 Bxg2 14. Rg1 Bc6
15. Rb1 Be7 16. Bf3 O-O 17. Rxb8 Raxb8 18. Bxc6 Qxc3 19. Be4 Rb2 20. Bd5 Bd8 21.
Rg2 Ba5 22. f3 Qxe3+ 23. Re2 Qg1# 0-1

[Event "Chess24 Banter Blitz Cup"]
[Site "chess24.com INT"]
[Date "2019.10.06"]
[Round "1.1"]
[White "Huschenbeth, Niclas"]
[Black "Neiksans, Arturs"]
[Result "1/2-1/2"]
[WhiteTitle "GM"]
[BlackTitle "GM"]
[WhiteElo "2624"]
[BlackElo "2570"]
[WhiteFideId "24604747"]
[BlackFideId "11601388"]
[EventDate "2019.09.25"]
[EventType "blitz"]

1. e4 c5 2. Nf3 e6 3. d4 cxd4 4. Nxd4 a6 5. Bd3 Nc6 6. Nxc6 dxc6 7. O-O Qc7 8.
Nd2 Nf6 9. Nc4 b5 10. Ne3 Bc5 11. a4 Bb7 12. Ng4 Be7 13. Qf3 O-O 14. Bf4 Qc8 15.
Nxf6+ Bxf6 16. Bd6 Re8 17. e5 Be7 18. Qe4 g6 19. axb5 cxb5 20. Qf4 Qc6 21. Qg3
Bxd6 22. exd6 Rad8 23. h4 Qxd6 24. Qxd6 Rxd6 25. Rfe1 Red8 26. h5 gxh5 27. Re5
Rd5 28. Rxd5 Rxd5 29. Be4 Rd7 30. Bxb7 Rxb7 31. Rxa6 Kg7 32. Kh2 b4 33. Rc6 Rb5
34. Rc4 Kg6 35. Kg3 Kg5 36. b3 e5 37. f4+ exf4+ 38. Rxf4 Rc5 39. Rxb4 Rxc2 40.
Rb7 f5 41. Rxh7 Rc3+ 42. Kh2 Rxb3 43. Rc7 Kg4 44. Rc4+ f4 45. Ra4 Rb2 46. Rc4 h4
47. Rc8 Rb5 48. Rc3 Re5 49. Rc8 Rg5 50. Ra8 Re5 51. Rb8 Kf5 52. Ra8 Ke4 53. Ra4+
Ke3 54. Ra3+ Kf2 55. Rf3+ Ke2 56. Rxf4 Rh5 57. Kh3 Rg5 58. Rxh4 Ke3 59. Rh8 Kf4
60. Rf8+ Ke5 61. g4 Rg7 62. Kh4 Rh7+ 63. Kg5 Rh1 64. Kg6 Ke6 65. g5 Ke7 66. Rf2
Rh3 67. Kg7 Ke8 68. g6 Ke7 69. Kg8 Ke8 70. g7 Rh4 71. Re2+ Kd7 72. Re5 Rh1 73.
Rf5 Ke8 74. Re5+ Kd7 75. Kf8 Rf1+ 76. Kg8 Rg1 77. Kf7 Rf1+ 78. Kg6 Rg1+ 79. Rg5
Rxg5+ 80. Kxg5 Kd6 81. g8=Q Ke5 1/2-1/2

[Event "Chess24 Banter Blitz Cup"]
[Site "chess24.com INT"]
[Date "2019.10.06"]
[Round "1.2"]
[White "Neiksans, Arturs"]
[Black "Huschenbeth, Niclas"]
[Result "0-1"]
[WhiteTitle "GM"]
[BlackTitle "GM"]
[WhiteElo "2570"]
[BlackElo "2624"]
[WhiteFideId "11601388"]
[BlackFideId "24604747"]
[EventDate "2019.09.25"]
[EventType "blitz"]

1. e4 e5 2. Nf3 Nc6 3. Bb5 a6 4. Ba4 d6 5. c3 Bd7 6. d4 g6 7. dxe5 dxe5 8. Be3
Bg7 9. O-O Nge7 10. Nbd2 O-O 11. b4 Be6 12. Qc2 h6 13. Rfd1 Qc8 14. Bb3 Bxb3 15.
Nxb3 b6 16. a3 Qe6 17. c4 Rad8 18. Qc3 f5 19. Qc2 f4 20. Bd2 g5 21. h3 Bf6 22.
Be1 h5 23. b5 Nb8 24. Bb4 a5 25. Bxe7 Bxe7 26. Rd5 Nd7 27. a4 g4 28. hxg4 hxg4
29. Nh2 Bd6 30. Rad1 Kg7 31. c5 bxc5 32. Nxa5 Rh8 33. f3 Rxh2 34. Kxh2 Qh6+ 35.
Kg1 g3 36. Qd3 Qh2+ 37. Kf1 Qh1+ 38. Ke2 Qxg2+ 39. Ke1 Qf2# 0-1

[Event "Chess24 Banter Blitz Cup"]
[Site "chess24.com INT"]
[Date "2019.10.06"]
[Round "1.3"]
[White "Huschenbeth, Niclas"]
[Black "Neiksans, Arturs"]
[Result "1-0"]
[WhiteTitle "GM"]
[BlackTitle "GM"]
[WhiteElo "2624"]
[BlackElo "2570"]
[WhiteFideId "24604747"]
[BlackFideId "11601388"]
[EventDate "2019.09.25"]
[EventType "blitz"]

1. e4 c5 2. Nf3 e6 3. d4 cxd4 4. Nxd4 Nc6 5. Nc3 Qc7 6. Be3 a6 7. Qf3 Nf6 8.
O-O-O h5 9. Nxc6 bxc6 10. Be2 Be7 11. Qg3 e5 12. Bg5 d6 13. h3 Be6 14. f4 h4 15.
Bxh4 exf4 16. Qxf4 Rb8 17. Bf2 Nd7 18. Bd4 Qa5 19. Kb1 Ne5 20. b3 Bf6 21. Qd2
Qc7 22. g4 a5 23. g5 Be7 24. h4 Rb4 25. Na4 g6 26. h5 gxh5 27. Bxh5 Rg8 28. Rhg1
c5 29. Bxe5 dxe5 30. Nc3 Rd4 31. Qf2 Rxg5 32. Rxg5 Bxg5 33. Rg1 Qd8 34. Nd5 Rxd5
35. exd5 Qxd5 36. Rxg5 Qh1+ 37. Kb2 Qd5 38. Rg1 c4 39. Rd1 Qb5 40. Qa7 Kf8 41.
Qa8+ Kg7 42. Rg1+ Kf6 43. Rf1+ Kg7 44. Rg1+ Kf6 45. Qd8+ Kf5 46. Qg5+ Ke4 47.
Qg2+ Kd4 48. Rd1+ Kc5 49. Qf2+ Kc6 50. Bf3+ Kc7 51. Qa7+ Kc8 52. Qa8+ Kc7 53.
Qd8# 1-0

[Event "Chess24 Banter Blitz Cup"]
[Site "chess24.com INT"]
[Date "2019.10.06"]
[Round "1.4"]
[White "Neiksans, Arturs"]
[Black "Huschenbeth, Niclas"]
[Result "1-0"]
[WhiteTitle "GM"]
[BlackTitle "GM"]
[WhiteElo "2570"]
[BlackElo "2624"]
[WhiteFideId "11601388"]
[BlackFideId "24604747"]
[EventDate "2019.09.25"]
[EventType "blitz"]

1. e4 e5 2. Nf3 Nc6 3. Bc4 Bc5 4. c3 Nf6 5. d3 d6 6. O-O a6 7. a4 O-O 8. Re1 Be6
9. Bxe6 fxe6 10. b4 Ba7 11. Nbd2 Nh5 12. Nf1 Nf4 13. Bxf4 Rxf4 14. Ra2 Qe8 15.
Ng3 Qg6 16. b5 Ne7 17. d4 exd4 18. cxd4 Raf8 19. bxa6 bxa6 20. Rc2 Bb6 21. Qd3
a5 22. Qb3 h5 23. h4 Rxf3 24. gxf3 Rf4 25. Kg2 Rxh4 26. Rh1 Rxh1 27. Kxh1 h4 28.
Ne2 h3 29. Nf4 Qg5 30. Qxe6+ Kf8 31. Qg4 Qf6 32. Ne6+ Kg8 33. Qxh3 Ng6 34. Qg4
Nh4 35. f4 Ng6 36. Rc1 Kf7 37. Ng5+ Ke7 38. e5 Qxf4 39. Qxf4 Nxf4 40. Nf3 dxe5
41. dxe5 Bxf2 42. Rxc7+ Ke6 43. Rxg7 Be3 44. Rb7 Kf5 45. Rb5 Ke4 46. e6 Kxf3 47.
e7 Ne2 48. Rf5+ 1-0

[Event "Chess24 Banter Blitz Cup"]
[Site "chess24.com INT"]
[Date "2019.10.06"]
[Round "1.5"]
[White "Huschenbeth, Niclas"]
[Black "Neiksans, Arturs"]
[Result "1/2-1/2"]
[WhiteTitle "GM"]
[BlackTitle "GM"]
[WhiteElo "2624"]
[BlackElo "2570"]
[WhiteFideId "24604747"]
[BlackFideId "11601388"]
[EventDate "2019.09.25"]
[EventType "blitz"]

1. e4 c5 2. Nf3 e6 3. d4 cxd4 4. Nxd4 Nc6 5. Nc3 Qc7 6. Be3 a6 7. Qf3 Nf6 8.
O-O-O d6 9. Nxc6 bxc6 10. Qg3 e5 11. f4 Nh5 12. Qh4 Nxf4 13. Bxf4 exf4 14. Qxf4
Be6 15. Be2 Be7 16. Bg4 O-O 17. Bxe6 fxe6 18. Qg4 Qd7 19. e5 d5 20. Rhf1 Rab8
21. Ne2 Bc5 22. Kb1 Be3 23. Qg3 Bh6 24. Qd3 Qc7 25. Nd4 Rxf1 26. Rxf1 Qxe5 27.
b3 Rf8 28. Nxc6 Rxf1+ 29. Qxf1 Qf4 30. Qxf4 Bxf4 31. g3 Bd6 32. c4 dxc4 33. bxc4
Kf7 34. Kc2 Kf6 35. Kd3 Kf5 36. Nd4+ Kf6 37. Ke4 h5 38. Nb3 g5 39. c5 Bc7 40.
Nd4 g4 41. Ne2 h4 42. Nf4 h3 43. a4 Bb8 44. Ne2 Bc7 45. Nf4 Bb8 46. Nd3 Bc7 47.
Nf2 Kg5 48. c6 Bd6 49. Nd3 Kf6 50. Nf2 Kg5 51. Nd3 a5 52. Nf2 Bc7 53. Nd3 Bd6
54. Nf2 Bc7 55. Nd3 Bd6 1/2-1/2

[Event "Chess24 Banter Blitz Cup"]
[Site "chess24.com INT"]
[Date "2019.10.06"]
[Round "1.6"]
[White "Neiksans, Arturs"]
[Black "Huschenbeth, Niclas"]
[Result "1-0"]
[WhiteTitle "GM"]
[BlackTitle "GM"]
[WhiteElo "2570"]
[BlackElo "2624"]
[WhiteFideId "11601388"]
[BlackFideId "24604747"]
[EventDate "2019.09.25"]
[EventType "blitz"]

1. e4 e5 2. Nf3 Nc6 3. Bc4 Bc5 4. c3 Nf6 5. d3 d6 6. O-O a6 7. a4 O-O 8. Nbd2 h6
9. Re1 Be6 10. Bxe6 fxe6 11. b4 Ba7 12. Nc4 Nh5 13. Be3 Bxe3 14. fxe3 Ne7 15.
Qe2 Qe8 16. Rf1 Qg6 17. Kh1 Qg4 18. Na5 b6 19. Nc4 b5 20. Ncd2 Ng6 21. Ra2 Rab8
22. Rfa1 Rf7 23. axb5 axb5 24. Ra7 Rbf8 25. Ra8 Nh4 26. Rxf8+ Rxf8 27. Qf2 Nxf3
28. Nxf3 Nf6 29. h3 Qg6 30. Kh2 Qe8 31. Ra7 Qc6 32. Qd2 Ra8 33. Ra5 Rxa5 34.
bxa5 Qa6 35. Qb2 c5 36. Qa2 Kf7 37. Nd2 Nd7 38. c4 Nb8 39. cxb5 Qxb5 40. Nc4 Ke7
41. Qf2 Nc6 42. Qh4+ Kd7 43. Qg4 Nxa5 44. Qxg7+ Kc6 45. Nxa5+ Qxa5 46. Qxh6 Qd2
47. Qxe6 Qxe3 48. Qd5+ Kc7 49. h4 Qf4+ 50. Kh3 Qe3+ 51. g3 Qf3 52. Qc4 Qf1+ 53.
Kg4 Qd1+ 54. Kg5 Qd2+ 55. Kh5 Qe2+ 56. g4 Qf3 57. Kg5 Qe3+ 58. Kh5 Qf3 59. Qd5
Kd7 60. Qb7+ Kd8 61. Qb8+ Kd7 62. Qa7+ Kd8 63. Qa8+ Kd7 64. Qd5 Kd8 65. Qxd6+
Ke8 66. Qxe5+ Kd7 67. Qd5+ Kc7 68. Qxc5+ Kd7 69. Qf5+ Kd8 70. Qxf3 1-0

[Event "Chess24 Banter Blitz Cup"]
[Site "chess24.com INT"]
[Date "2019.10.06"]
[Round "1.7"]
[White "Huschenbeth, Niclas"]
[Black "Neiksans, Arturs"]
[Result "1-0"]
[WhiteTitle "GM"]
[BlackTitle "GM"]
[WhiteElo "2624"]
[BlackElo "2570"]
[WhiteFideId "24604747"]
[BlackFideId "11601388"]
[EventDate "2019.09.25"]
[EventType "blitz"]

1. e4 c5 2. Nf3 e6 3. d4 cxd4 4. Nxd4 Nc6 5. Nc3 Qc7 6. Be3 a6 7. Qf3 Nf6 8.
O-O-O d6 9. Nxc6 bxc6 10. Qg3 e5 11. Be2 Rb8 12. f4 Be6 13. b3 Qa5 14. Bd2 Qa3+
15. Kb1 Qc5 16. fxe5 dxe5 17. Na4 Nxe4 18. Nxc5 Nxg3 19. Nxe6 Nxh1 20. Nc7+ Kd7
21. Ba5+ Bd6 22. Rxh1 Bxc7 23. Bg4+ Ke7 24. Bxc7 Rb7 25. Bxe5 f6 26. Bc3 Kf7 27.
Bf3 Rc8 28. Rd1 Re7 29. Rd6 Re6 30. Rd7+ Re7 31. Rd6 Re6 32. Rxe6 Kxe6 33. Bg4+
f5 34. Be2 g5 35. Bxa6 Rd8 36. Bc4+ Kd6 37. a4 f4 38. h3 h5 39. Be2 g4 40. hxg4
h4 41. Bd2 Ke5 42. Bc3+ Kd6 43. a5 Re8 44. Bf3 Re3 45. Bd2 Rxf3 46. gxf3 Ke5 47.
a6 h3 48. a7 h2 49. a8=Q h1=Q+ 50. Kb2 Qxf3 51. Bc3+ Kd6 52. Qd8+ Kc5 53. Qd4+
Kb5 54. Qc4+ Kb6 55. Bd4+ Kb7 56. Qf7+ Kc8 57. Be5 Kd8 58. Bf6+ Kc8 59. Be5 Kd8
60. Bd6 Qe4 61. Qxf4 Qe6 62. Qf8+ Kd7 63. Qe7+ Qxe7 64. Bxe7 Kxe7 65. Kc3 1-0

[Event "Chess24 Banter Blitz Cup"]
[Site "chess24.com INT"]
[Date "2019.10.06"]
[Round "1.8"]
[White "Neiksans, Arturs"]
[Black "Huschenbeth, Niclas"]
[Result "1-0"]
[WhiteTitle "GM"]
[BlackTitle "GM"]
[WhiteElo "2570"]
[BlackElo "2624"]
[WhiteFideId "11601388"]
[BlackFideId "24604747"]
[EventDate "2019.09.25"]
[EventType "blitz"]

1. e4 e5 2. Nf3 Nc6 3. Bc4 Bc5 4. c3 Nf6 5. d3 d6 6. a4 a5 7. Na3 O-O 8. O-O Ne7
9. Nc2 Ng6 10. Be3 c6 11. Bxc5 dxc5 12. Ne3 Qd6 13. Qc2 Nf4 14. g3 Nh3+ 15. Kg2
Ng4 16. Nf5 Bxf5 17. exf5 Qh6 18. Qe2 Ng5 19. h4 Nxf3 20. Qxf3 Nf6 21. Rfe1 Rfe8
22. Re3 Nd7 23. Rae1 Qd6 24. g4 Kf8 25. g5 Nb6 26. Qg3 Nxc4 27. dxc4 f6 28. h5
Rad8 29. h6 Re7 30. Re4 fxg5 31. hxg7+ Rxg7 32. Rxe5 h6 33. Re8+ Kf7 34. R1e7+
Qxe7 35. Rxe7+ Kxe7 36. Qe5+ 1-0

[Event "Chess24 Banter Blitz Cup"]
[Site "chess24.com INT"]
[Date "2019.10.06"]
[Round "1.9"]
[White "Huschenbeth, Niclas"]
[Black "Neiksans, Arturs"]
[Result "1-0"]
[WhiteTitle "GM"]
[BlackTitle "GM"]
[WhiteElo "2624"]
[BlackElo "2570"]
[WhiteFideId "24604747"]
[BlackFideId "11601388"]
[EventDate "2019.09.25"]
[EventType "blitz"]

1. e4 c5 2. Nf3 e6 3. d4 cxd4 4. Nxd4 Nc6 5. Nc3 Qc7 6. Be3 a6 7. Qf3 Nf6 8.
O-O-O d6 9. Nxc6 bxc6 10. Qg3 e5 11. Be2 Be6 12. f4 Rb8 13. fxe5 dxe5 14. Rhf1
a5 15. b3 a4 16. Nxa4 Nxe4 17. Qh4 f5 18. Bh5+ g6 19. Bxg6+ hxg6 20. Qxh8 f4 21.
Nc5 Qa7 22. Qxf8+ Kxf8 23. Nxe6+ Ke7 24. Bxa7 Ra8 25. Nc5 1-0

[Event "Chess24 Banter Blitz Cup"]
[Site "chess24.com INT"]
[Date "2019.10.06"]
[Round "1.10"]
[White "Neiksans, Arturs"]
[Black "Huschenbeth, Niclas"]
[Result "1-0"]
[WhiteTitle "GM"]
[BlackTitle "GM"]
[WhiteElo "2570"]
[BlackElo "2624"]
[WhiteFideId "11601388"]
[BlackFideId "24604747"]
[EventDate "2019.09.25"]
[EventType "blitz"]

1. b3 e5 2. Bb2 Nc6 3. e3 Nf6 4. Bb5 Bd6 5. Ne2 Na5 6. Ng3 a6 7. Be2 Nc6 8. O-O
O-O 9. c4 Be7 10. Nf5 d5 11. Nxe7+ Qxe7 12. Ba3 Nb4 13. cxd5 Nfxd5 14. Nc3 Be6
15. Bf3 Rfd8 16. Qe2 c5 17. Nxd5 Nxd5 18. Rac1 Rac8 19. Be4 Nf6 20. Bb1 Rd5 21.
Rfd1 e4 22. h3 Rcd8 23. d4 exd3 24. Rxd3 Rxd3 25. Bxd3 Qd7 26. Rd1 Qc7 27. Qc2
Rc8 28. Bb2 h6 29. Qe2 b5 30. Rc1 c4 31. bxc4 bxc4 32. Bb1 Qb6 33. Bxf6 gxf6 34.
Qc2 f5 35. g4 Rc5 36. Rd1 c3 37. Rd4 Qb2 38. a4 Qxc2 39. Bxc2 fxg4 40. hxg4 a5
41. f3 Kf8 42. Kf2 Ke7 43. e4 Bd7 44. Ke3 Rc7 45. Kd3 Be6 46. Ke3 Kf6 47. f4
Bxg4 48. e5+ Ke7 49. f5 Rc5 50. f6+ Ke6 51. Kf4 Rxe5 52. Bb3+ Kxf6 53. Kxg4 Re3
54. Bc2 Kg7 55. Kf4 Rg3 56. Kxg3 1-0

[Event "Chess24 Banter Blitz Cup"]
[Site "chess24.com INT"]
[Date "2019.10.06"]
[Round "1.11"]
[White "Huschenbeth, Niclas"]
[Black "Neiksans, Arturs"]
[Result "0-1"]
[WhiteTitle "GM"]
[BlackTitle "GM"]
[WhiteElo "2624"]
[BlackElo "2570"]
[WhiteFideId "24604747"]
[BlackFideId "11601388"]
[EventDate "2019.09.25"]
[EventType "blitz"]

1. e4 e5 2. Nf3 Nc6 3. Bb5 a6 4. Ba4 Nf6 5. O-O Be7 6. Re1 b5 7. Bb3 O-O 8. c3
d6 9. d4 Bg4 10. Be3 exd4 11. cxd4 Na5 12. Bc2 Nc4 13. Bc1 c5 14. b3 Nb6 15.
Nbd2 cxd4 16. h3 Bh5 17. Bb2 Rc8 18. g4 Bg6 19. Nxd4 Nfd7 20. Nf1 Bf6 21. Ne3
Be5 22. Ng2 d5 23. f4 Bxd4+ 24. Qxd4 f6 25. Rac1 Bxe4 26. Bxe4 dxe4 27. Rxc8
Qxc8 28. Qxe4 Kh8 29. f5 Nc5 30. Qc2 Nbd7 31. Nf4 Qa8 32. Ne6 Nxe6 33. fxe6 Ne5
34. Bxe5 fxe5 35. e7 Qa7+ 36. Kg2 Qxe7 37. Qe4 Re8 38. Re2 h6 39. a4 Qd6 40.
axb5 axb5 41. b4 Re7 42. Kg3 Re8 43. Kg2 Rd8 44. Qxe5 Qxb4 45. Qe4 Qc5 46. Qg6
Qd5+ 47. Kg3 Qd6+ 48. Qxd6 Rxd6 49. Rb2 Rb6 50. Rb4 Kg8 51. Kf4 Kf7 52. Ke5 Kg6
53. h4 h5 54. g5 Rb8 55. Ke6 Re8+ 56. Kd5 Rd8+ 57. Ke5 Rf8 58. Kd5 Rf5+ 59. Ke4
Rc5 60. Kf4 Rc4+ 61. Rxc4 bxc4 62. Ke4 c3 63. Kd3 Kf5 64. Kxc3 Kg4 65. Kd4 Kxh4
66. g6 Kg5 67. Ke3 Kxg6 0-1

[Event "Chess24 Banter Blitz Cup"]
[Site "chess24.com INT"]
[Date "2019.10.06"]
[Round "1.12"]
[White "Neiksans, Arturs"]
[Black "Huschenbeth, Niclas"]
[Result "1-0"]
[WhiteTitle "GM"]
[BlackTitle "GM"]
[WhiteElo "2570"]
[BlackElo "2624"]
[WhiteFideId "11601388"]
[BlackFideId "24604747"]
[EventDate "2019.09.25"]
[EventType "blitz"]

1. b3 e5 2. Bb2 Nc6 3. e3 Nf6 4. Bb5 Bd6 5. Ne2 a6 6. Bxc6 dxc6 7. O-O O-O 8. f4
e4 9. Qe1 Nd5 10. Nbc3 f5 11. a3 Be6 12. Nd4 Bd7 13. Nde2 Qe7 14. Rd1 Rad8 15.
a4 Nb4 16. Rc1 c5 17. Ba3 Be6 18. Kh1 Rd7 19. a5 Rfd8 20. Na4 Qf7 21. Bxb4 cxb4
22. Nd4 Bd5 23. Qh4 c5 24. Ne2 Bc6 25. Nb6 Be7 26. Qh3 Rxd2 27. Ng3 g6 28. Nc4
R2d7 29. Ne5 Qf6 30. Nxd7 Rxd7 31. Rfd1 Qb2 32. Nxf5 gxf5 33. Qxf5 Rxd1+ 34.
Rxd1 Qxc2 35. Qe6+ Kf8 36. Rg1 c4 37. f5 Qc3 38. Rf1 Qf6 39. Qxc4 Bd6 40. Rd1
Qe5 41. g3 Ke7 42. Qg8 Qxf5 43. Qg7+ Ke6 44. Kg1 Bd5 45. Qg8+ Kd7 46. Qxd5 Qxd5
47. Rxd5 Ke6 48. Rd4 Bc5 49. Rxe4+ Kd5 50. Re8 b6 51. axb6 Bxb6 52. Kg2 a5 53.
Rb8 Kc6 54. Ra8 Kb7 55. Rf8 a4 56. bxa4 Bc5 57. Rf1 Ka6 58. Rc1 Ka5 59. Rxc5+
Kxa4 60. Rc4 1-0

[Event "Chess24 Banter Blitz Cup"]
[Site "chess24.com INT"]
[Date "2019.10.06"]
[Round "1.13"]
[White "Huschenbeth, Niclas"]
[Black "Neiksans, Arturs"]
[Result "1/2-1/2"]
[WhiteTitle "GM"]
[BlackTitle "GM"]
[WhiteElo "2624"]
[BlackElo "2570"]
[WhiteFideId "24604747"]
[BlackFideId "11601388"]
[EventDate "2019.09.25"]
[EventType "blitz"]

1. e4 e5 2. Nf3 Nc6 3. Bb5 a6 4. Ba4 Nf6 5. O-O Be7 6. d3 d6 7. c3 O-O 8. Re1
Re8 9. h3 Bd7 10. c4 Bf8 11. Be3 g6 12. Nc3 Bg7 13. a3 Nh5 14. d4 Nxd4 15. Nxd4
exd4 16. Bxd4 Bxa4 17. Nxa4 Qg5 18. Bxg7 Kxg7 19. Nc3 Nf6 20. Qd4 Qe5 21. Rad1
Re7 22. Qxe5 Rxe5 23. f3 Rae8 24. Kf2 h5 25. h4 Kf8 26. Nd5 Nxd5 27. cxd5 Ke7
28. Rd4 Kd7 29. Rc1 f5 30. Rdc4 Rc8 31. Ke3 c6 32. dxc6+ Rxc6 33. Kf4 fxe4 34.
fxe4 Rb5 35. b4 a5 36. Rxc6 bxc6 37. Rc4 Ke6 38. Rxc6 axb4 39. axb4 Rxb4 1/2-1/2

[Event "Chess24 Banter Blitz Cup"]
[Site "chess24.com INT"]
[Date "2019.10.06"]
[Round "1.14"]
[White "Neiksans, Arturs"]
[Black "Huschenbeth, Niclas"]
[Result "1-0"]
[WhiteTitle "GM"]
[BlackTitle "GM"]
[WhiteElo "2570"]
[BlackElo "2624"]
[WhiteFideId "11601388"]
[BlackFideId "24604747"]
[EventDate "2019.09.25"]
[EventType "blitz"]

1. e4 e5 2. Nf3 Nc6 3. Bc4 Bc5 4. c3 Nf6 5. d3 d6 6. a4 a6 7. Nbd2 h6 8. Nf1 O-O
9. Be3 Ba7 10. Bxa7 Rxa7 11. Ne3 Ra8 12. O-O Be6 13. a5 Bxc4 14. Nxc4 Re8 15.
Re1 d5 16. Ncd2 dxe4 17. dxe4 b5 18. axb6 cxb6 19. Nc4 Qc7 20. Qc2 b5 21. Ne3
Nd4 22. cxd4 exd4 23. Qxc7 1-0